Регионална библиотека "Любен Каравелов" - Русе

Ръкописната фолклорна сбирка на Найдена Геров (Запис номер 342741)

MARC детайли
000 -Лидер
Контролно поле с фиксирана дължина 01093nam a2200301 c 4500
003 - Код на организацията, давaща контролен номер
Контролно поле BLK
005 - Дата и час на последна редакция
Контролно поле 20191010121049.0
008 - Елементи от данни с фиксирана дължина
fixed length control field 180911b bul|||||r ||||||| ||bul||
010 ## - Наследен системен номер
LC control number 002395
040 ## - Източник на каталожния запис
Идентификатор на билиотеката - собственик на записа BLK
041 ## - Код за език
Код за езика на текст/звукозапис или на отделно заглавие Български
Код за езика КДБФ Български
080 ## - УДК
УДК - код + определител 398.8
100 1# - Редна дума - Автор
Автор СТОИЛОВ, Антон
Авторска отговорност първи автор
R(LIN) 396917
245 00 - Сведения за заглавието
Заглавие Ръкописната фолклорна сбирка на Найдена Геров
260 ## - Област на издателските данни
Място на издаване, разпространение и проч. София
Година на издаване 1925
Печатница Държ. печ.
300 ## - Физическа характеристика
Страници 39 с
Размери/Мащаб 27 см
380 ## - Жанр
Жанр Естествени науки. Математика
490 ## - СЕРИИ (Колекции)
Име на серия Частна колекция - Академик Михаил Арнаудов
Бележки за серията Дарение - Основен фонд
500 ## - Общи забележки
Забележка Отпеч. от Сб. в чест и в памет на професор Луи Леже : 1925. Отпеч. от Сборник БАН : Кн. ХIV. - 1920.
520 ## - Забележка за наличие на резюме, анотация и т.н
Анотация, рецензия, сканиран текст Михаил Арнаудов: негови-книга
650 ## - Допълнително описание по предмет – тема
Основно описание – тема или топоним Фолклор
9 (RLIN) 175904
650 ## - Допълнително описание по предмет – тема
Основно описание – тема или топоним Песни
9 (RLIN) 166108
655 ## - Ключова дума – жанр/разновидност
Данни за жанр/разновидност или ключова дума за фокус българска етнология
700 1# - Други автори (авторска отговорност)
Лично име А. П. Стоилов
9 (RLIN) 400141
852 ## - Местоположение
Форматна сигнатура МА 4123
999 ## - СИСТЕМНИ КОНТРОЛНИ НОМЕРА
Koha biblionumber 342741
Koha biblioitemnumber 342741
942 ## - АРТИКУЛИ
Вид на библиотечния материал Книги
Скрит в OPAC Не
Периодичен библиозапис Да
944 ## - СЪЗДАВАНЕ И РЕДАКЦИЯ на ЗАПИСА
Създаване/Редакция Създаване
Дата на регистрацията/редакция 1994
999 ## - СИСТЕМНИ КОНТРОЛНИ НОМЕРА
Koha biblioitemnumber 342741
Наличности
Код за отписване Код за изгубен артикул Източник на класификационната схема Код за повреда Коз за рестрикции Код за отдаване Артикулен № Име на библиотеката - собственик Име на библиотеката, в която се намира в момента Статус (Текущо местоположение) Местоположение - отдел Цена в лева Номерация (Хронология) Инвентарен номер Систематично азбучна сигнатура Баркод Номер на екземпляра Цена в евро Служебен тип на артикула
  Не е изгубен Universal Decimal Classification Не е повреден без рестрикции Специални фондове ( старопечатни, редки и ценни, фонд М. Арнаудов) 742873 Регионална библиотека "Любен Каравелов" Русе Регионална библиотека "Любен Каравелов" Русе Фонд "Михаил Арнаудов" Фонд "Михаил Арнаудов" 10.00   591717 МА 4123 120000591717 1 5.11 Книги
Vip Innovations Ltd, Rousse, Bulgaria 2025